000 00506nam a2200193Ia 4500
005 20240823053616.0
008 240823s9999||||xx |||||||||||||| ||und||
020 _a978-81-920486-2-8
041 _aENGLISH
082 _A670 Q3
100 _aVijayaraghavan G K
245 0 _aManufacturing Technology -I
250 _a1st
260 _c2013
_bA R Publica
500 _aTRANSFERED
650 _aManufacturing Technology
_bFire Technology & Safety Engineering
700 _a Rajappan R
942 _cBK
999 _c224542
_d224542